Cross-National Studies of the Quality of Education: (Record no. 264476)
[ view plain ]
| 000 -LEADER | |
|---|---|
| fixed length control field | 00560nam a22001817a 4500 |
| 003 - CONTROL NUMBER IDENTIFIER | |
| control field | OSt |
| 005 - DATE AND TIME OF LATEST TRANSACTION | |
| control field | 20240906140517.0 |
| 008 - FIXED-LENGTH DATA ELEMENTS--GENERAL INFORMATION | |
| fixed length control field | 240906b xxu||||| |||| 00| 0 eng d |
| 020 ## - INTERNATIONAL STANDARD BOOK NUMBER | |
| International Standard Book Number | 9280312898 |
| 040 ## - CATALOGING SOURCE | |
| Transcribing agency | RU |
| 050 ## - LIBRARY OF CONGRESS CALL NUMBER | |
| Classification number | LB2822.75 |
| Item number | .C76 2006 |
| 110 ## - MAIN ENTRY--CORPORATE NAME | |
| Corporate name or jurisdiction name as entry element | UNESCO IIEP |
| 245 ## - TITLE STATEMENT | |
| Title | Cross-National Studies of the Quality of Education: |
| Remainder of title | Planning their Design and Managing their Impact |
| Statement of responsibility, etc | edited by Kenneth N. Ross & Ilona Jurgens Genevois |
| 260 ## - PUBLICATION, DISTRIBUTION, ETC. (IMPRINT) | |
| Place of publication, distribution, etc | Paris, France |
| Name of publisher, distributor, etc | UNESCO |
| -- | IIEP |
| Date of publication, distribution, etc | 2006 |
| 300 ## - PHYSICAL DESCRIPTION | |
| Extent | 320p. |
| 490 ## - SERIES STATEMENT | |
| Series statement | Policy Forum |
| 942 ## - ADDED ENTRY ELEMENTS (KOHA) | |
| Source of classification or shelving scheme | Library of Congress Classification |
| Koha item type | Research and Special Collections |
| Withdrawn status | Lost status | Source of classification or shelving scheme | Damaged status | Not for loan | Collection code | Home library | Current library | Shelving location | Date acquired | Total Checkouts | Full call number | Barcode | Date last seen | Price effective from | Koha item type |
|---|---|---|---|---|---|---|---|---|---|---|---|---|---|---|---|
| Library of Congress Classification | Non-fiction | Rongo University Library | Rongo University Library | General Stacks | 06/09/2024 | LB2822.75 .C76 2006 | 202401043 | 06/09/2024 | 06/09/2024 | Research and Special Collections |
